000 00779ntaaa2200229 4500
003 01
005 20251027203322.0
008 0714s1973 ag 01
040 _aAR-BaBN
_bspa
_cAR-BaBN
_eaacr
_dRIC
082 _a379.82 M66a
110 _aArgentina
_bMinisterio de Educación, Ciencia y Tecnología
245 _aLey de Educación Nacional, anteproyecto de ley :
_bhacia una educación de calidad para una sociedad más justa /
_cArgentina
260 _aBuenos Aires :
_bMinisterio de Educación, Ciencia y Tecnología,
_c2006
300 _a[71] p.
490 _aDocumentos Nuevas Leyes
650 _aREFORMA EDUCATIVA
_932134
650 _aLEYES
_910040
650 _aEDUCACION
650 _aPROYECTOS
_925657
650 _aLEY NACIONAL DE EDUCACION
_936606
942 _cBK
999 _c28688
_d28688